[Event "FRA-ch op-D"]
[Site "Caen"]
[Date "2011.08.17"]
[Round "2"]
[White "Barde, Quentin"]
[Black "Bahuon, Kevin"]
[Result "1-0"]
[WhiteElo "1500"]
[BlackElo "1420"]
[PlyCount "91"]
[EventDate "2011.08.16"]
[EventType "swiss"]
[EventRounds "9"]
[EventCountry "FRA"]
[SourceTitle "EXT 2012"]
[Source "ChessBase"]
[SourceDate "2011.11.24"]
[SourceVersion "1"]
[SourceVersionDate "2011.11.24"]
[SourceQuality "1"]

1. d4 d5 2. c4 dxc4 3. Nc3 Nf6 4. Bg5 Nc6 5. e3 e5 6. Bxf6 gxf6 7. d5 Nb4 8. Bxc4 c6 9. a3 Nxd5 10. Nxd5 cxd5 11. Bxd5 Be6 12. Bxb7 Qxd1+ 13. Rxd1 Rb8 14. Bc6+ Ke7 15. b4 Bh6 16. Bd5 Rhd8 17. Bxe6 Rxd1+ 18. Kxd1 Rd8+ 19. Kc2 fxe6 20. Ne2 f5 21. b5 f4 22. e4 f3 23. Ng3 Rd2+ 24. Kb3 fxg2 25. Rg1 Rxf2 26. Nh1 Be3 27. Nxf2 Bxf2 28. Rxg2 Bd4 29. Rg7+ Kd6 30. Kc4 h6 31. a4 Bb6 32. Rh7 Be3 33. h4 Bd2 34. Rxa7 Be3 35. Rh7 Bd4 36. a5 h5 37. a6 Ba7 38. Rxh5 Kd7 39. Rh7+ Kd6 40. h5 Be3 41. h6 Bd4 42. Rb7 Be3 43. h7 Bg5 44. h8Q Bf6 45. Qc8 Be7 46. Qc6# 1-0